Entry, innovation, exit (Registro nro. 26862)
[ vista simple ]
| 000 -LEADER | |
|---|---|
| fixed length control field | 00349 a2200121 4500 |
| 001 - CONTROL NUMBER | |
| control field | ART_13894 |
| 005 - DATE AND TIME OF LATEST TRANSACTION | |
| control field | 20260410161911.0 |
| 008 - FIXED-LENGTH DATA ELEMENTS--GENERAL INFORMATION | |
| fixed length control field | 260409a |
| 100 1# - MAIN ENTRY--PERSONAL NAME | |
| Personal name | Stiglitz, Joseph E. |
| 245 10 - TITLE STATEMENT | |
| Title | Entry, innovation, exit |
| 700 1# - ADDED ENTRY--PERSONAL NAME | |
| Personal name | Dasgupta, Partha |
| 773 0# - HOST ITEM ENTRY | |
| Title | European economic review |
| Related parts | - Vol. 15, Nº 2 (feb. 1981) |
| Record control number | REV13346 |
No hay ítems disponibles.